Online
Catalog

Premio de arte Juan José Bellapart (Record no. 55982)

MARC details
000 -CABECERA
campo de control de longitud fija 01335nam a2200265 i 4500
003 - IDENTIFICADOR DEL NÚMERO DE CONTROL
campo de control DO-SdBNP
005 - FECHA Y HORA DE LA ÚLTIMA TRANSACCIÓN
campo de control 20251114093647.0
007 - CAMPO FIJO DE DESCRIPCIÓN FÍSICA--INFORMACIÓN GENERAL
campo de control de longitud fija ta
008 - DATOS DE LONGITUD FIJA--INFORMACIÓN GENERAL
campo de control de longitud fija 110413s2023 dr ac 000 j spa d
040 ## - FUENTE DE LA CATALOGACIÓN
Centro catalogador/agencia de origen DO-SdBNP
Lengua de catalogación spa
Centro/agencia transcriptor BNPHU
Normas de descripción rda
041 ## - CÓDIGO DE LENGUA
Código de lengua del texto/banda sonora o título independiente spa
082 #4 - NÚMERO DE LA CLASIFICACIÓN DECIMAL DEWEY
Número de clasificación xxx
Número de documento/Ítem xxx
Número de edición 22
245 00 - MENCIÓN DE TÍTULO
Título Premio de arte Juan José Bellapart
264 #1 - PRODUCCIÓN, PUBLICACIÓN, DISTRIBUCIÓN, FABRICACIÓN Y COPYRIGHT
Producción, publicación, distribución, fabricación y copyright Santo Domingo, República Dominicana :
Nombre del de productor, editor, distribuidor, fabricante Museo Bellapart,
Fecha de producción, publicación, distribución, fabricación o copyright 2023.
300 ## - DESCRIPCIÓN FÍSICA
Extensión 78 páginas :
Otras características físicas retratos, fotografías ;
Dimensiones 31 cm.
336 ## - TIPO DE CONTENIDO
Término de tipo de contenido texto
Código de tipo de contenido txt
Fuente rdacontent
337 ## - TIPO DE MEDIO
Nombre/término del tipo de medio sin mediación
Código del tipo de medio n
Fuente rdamedia
338 ## - TIPO DE SOPORTE
Nombre/término del tipo de soporte volumen
Código del tipo de soporte nc
Fuente rdacarrier
505 ## - NOTA DE CONTENIDO CON FORMATO
Nota de contenido con formato Presentación /
Mención de responsabilidad Maribel Bellapart Alvarez --
Título Introducción /
Mención de responsabilidad Myrna Guerrero Villalona /
Título Juan Jose Billapart Faura --
Mención de responsabilidad Biografía, 8--
Título La plástica dominicana y los eventos de artes visuales en el siglo XXI /
Mención de responsabilidad Fermín Ceballos --
Título Arte Contemporáneo en el Museo Bellapart --
Mención de responsabilidad Laura Gil Fiallo--
Título Apuntes sobre el contexto del arte actual entre lo digital y lo bi-tri-dimensional /
Mención de responsabilidad Paula Gómez Jorge--
Título Premios --
-- Menciones --
-- Obras seleccionadas a concursar.
590 ## - NOTA LOCAL (RLIN)
Nota local Inventariado, 2024/ YL
650 #4 - PUNTO DE ACCESO ADICIONAL DE MATERIA--TÉRMINO DE MATERIA
Término de materia o nombre geográfico como elemento de entrada Arte contemporáneo
Subdivisión general Publicidad
Subdivisión geográfica República Dominicana
9 (RLIN) 84934
650 #4 - PUNTO DE ACCESO ADICIONAL DE MATERIA--TÉRMINO DE MATERIA
Término de materia o nombre geográfico como elemento de entrada Arte contemporáneo
Subdivisión general Historia y crítica
Subdivisión geográfica República Dominicana
9 (RLIN) 84935
910 ## - DATOS DE OPCIÓN DEL USUARIO (OCLC)
Datos de opción del usuario YLockward
942 ## - ELEMENTOS DE PUNTO DE ACCESO ADICIONAL (KOHA)
Fuente del sistema de clasificación o colocación Dewey Decimal Classification
Tipo de ítem Koha Libro
Holdings
Estado de retiro Estado de pérdida Fuente del sistema de clasificación o colocación Restricciones de uso No para préstamo Código de colección Localización permanente Ubicación/localización actual Ubicación en estantería Fecha de adquisición Fuente de adquisición Total de préstamos Signatura topográfica completa Código de barras Fecha visto por última vez Precio válido a partir de Tipo de ítem Koha Número de copia
    Dewey Decimal Classification Excluido de préstamo   Patrimonio Dominicano Biblioteca Nacional Pedro Henríquez Ureña Biblioteca Nacional Pedro Henríquez Ureña En catalogación 27.03.2023 Depósito Legal   BNPHU PD 709.97293 M986 2024-1161 20.02.2024 20.02.2024 Libro  
    Dewey Decimal Classification Excluido de préstamo   Patrimonio Dominicano Biblioteca Nacional Pedro Henríquez Ureña Biblioteca Nacional Pedro Henríquez Ureña En catalogación 27.03.2023 Depósito Legal   BNPHU PD 709.97293 M986 2024-1162 20.02.2024 20.02.2024 Libro e. 2

Powered by Koha